Zlé časy
Saved in:
| Main Author | |
|---|---|
| Format | Electronic eBook |
| Language | Czech |
| Published |
Laser
2023
|
| Edition | 1. elektronické vydání |
| Subjects | |
| Online Access | Dostupné v BOOKPORT po přihlášení pomocí eduID |
| ISBN | 978-80-242-8831-4 978-80-242-8747-8 |
| Physical Description | 1 online zdroj (248 stran) |
Cover
| LEADER | 00000nam a2200000 i 4500 | ||
|---|---|---|---|
| 001 | bkp728594226 | ||
| 003 | CZ-prgp | ||
| 005 | 20240911084907.0 | ||
| 006 | m o d | ||
| 007 | cr cn | ||
| 008 | 240911s2023 xr o 000 1 cze | ||
| 020 | |a 978-80-242-8831-4 |c 0 Kč |q (online ; epub) | ||
| 020 | |a 978-80-242-8747-8 |c 259 Kč |q (print) | ||
| 040 | |a Grada |b cze |e rda | ||
| 100 | 1 | |a Michal, Březina | |
| 245 | 1 | 0 | |a Zlé časy |c Březina Michal |
| 250 | |a 1. elektronické vydání | ||
| 264 | 1 | |b Laser |c 2023 | |
| 300 | |a 1 online zdroj (248 stran) | ||
| 336 | |a text |b txt |2 rdacontent | ||
| 337 | |a počítač |b c |2 rdamedia | ||
| 338 | |a online zdroj |b cr |2 rdacarrier | ||
| 520 | 3 | |a Dušan Hofírek se nechal naverbovat k POST FINEM - agentuře pro cestování časem, kterou má pod palcem generál Schneider. Události na sebe nenechaly dlouho čekat a hned první úkol ho pěkně semlel. Však, kdo mohl tušit, že se průzkum časoprostoru tak fatálně zkomplikuje? A že bude třeba zfackovat Vinnetoua? Ve vyprávění líčí své spletité toulky chodbami dějin a také něco málo o tom, jak mu najednou ležel celý osud světa na bedrech či jak potkal skvělého přítele...Původní český román o tak trochu jiném cestovateli časem. | |
| 650 | 0 | 4 | |a Sci-fi, fantasy |
| 856 | 4 | 0 | |u https://www.bookport.cz/AccountSaml/SignIn/?idp=https://shibboleth.utb.cz/idp/shibboleth&returnUrl=/kniha/zle-casy-13377/ |y Dostupné v BOOKPORT po přihlášení pomocí eduID |